Search the Library Catalogue
| 000 -LEADER | |
|---|---|
| fixed length control field | 00478nam a2200181Ia 4500 |
| 008 - FIXED-LENGTH DATA ELEMENTS--GENERAL INFORMATION | |
| fixed length control field | 191130s2009##################000#0#eng## |
| 020 ## - INTERNATIONAL STANDARD BOOK NUMBER | |
| ISBN | 9780745643588 |
| 082 ## - DEWEY DECIMAL CLASSIFICATION NUMBER | |
| Classification number | 301 GID |
| 100 ## - MAIN ENTRY--AUTHOR NAME | |
| Personal name | Giddens, Anthony |
| 245 ## - TITLE STATEMENT | |
| Title | Sociology |
| Statement of responsibility, etc | Anthony Giddens |
| 260 ## - PUBLICATION, DISTRIBUTION, ETC. (IMPRINT) | |
| Place of publication | Cambridge |
| Name of publisher | Polity Press |
| Year of publication | 2009 |
| 300 ## - PHYSICAL DESCRIPTION | |
| Number of Pages | xxxiii, 1194 p. : ill. ; 28cm |
| 650 ## - SUBJECT ADDED ENTRY--TOPICAL TERM | |
| Topical Term | Sociology |
| 991 ## - | |
| -- | 295798 |
| Withdrawn status | Lost status | Damaged status | Not for loan | Home library | Current library | Shelving location | Date acquired | Full call number | Accession Number | Price effective from | Koha item type |
|---|---|---|---|---|---|---|---|---|---|---|---|
| Anna Centenary Library | Anna Centenary Library | COMPETITIVE SECTION - SEVENTH FLOOR | 15.10.2020 | 301 GID | 134046 | 15.10.2020 | English Books |